[Event "Verbandsliga Nordbaden 2223"]
[Site "Germany"]
[Date "2023.02.12"]
[Round "6.7"]
[White "Shapiro, Danil"]
[Black "Khoshnevis, Farzin Daniel"]
[Result "1/2-1/2"]
[WhiteElo "1517"]
[BlackElo "1887"]
[PlyCount "144"]
[EventDate "2022.09.25"]
[EventType "team-tourn"]
[EventRounds "9"]
[EventCountry "GER"]
[SourceTitle "EXT 2024"]
[Source "ChessBase"]
[SourceDate "2023.10.10"]
[SourceVersion "1"]
[SourceVersionDate "2023.10.10"]
[SourceQuality "1"]
[WhiteTeam "Eppingen II"]
[BlackTeam "Mosbach"]
[WhiteTeamCountry "GER"]
[BlackTeamCountry "GER"]

1. e4 e5 2. Bc4 Nf6 3. d3 Nc6 4. Nc3 Na5 5. Bb3 Nxb3 6. axb3 Bb4 7. Nge2 d5 8. exd5 Nxd5 9. 0-0 0-0 10. Nxd5 Qxd5 11. c3 Be7 12. d4 exd4 13. Nxd4 Bf6 14. b4 b6 15. Qf3 Qxf3 16. Nxf3 Bb7 17. Be3 a6 18. Rfd1 Rfd8 19. Kf1 Rxd1+ 20. Rxd1 Rd8 21. Rxd8+ Bxd8 22. c4 Be4 23. Ne1 Bf6 24. b3 Bc3 25. b5 axb5 26. cxb5 Bd5 27. Bf4 Bxb3 28. Nf3 Bc4+ 29. Kg1 Bxb5 30. Bxc7 Ba5 31. Nd4 Ba4 32. Nf5 Bb3 33. Ne7+ Kf8 34. Nc8 Ke8 35. Nxb6 f6 36. f4 Bb4 37. g4 Ke7 38. Kf2 g6 39. Ke3 Bc5+ 40. Ke4 Bc2+ 41. Kd5 Bg1 42. h3 Bd1 43. Ke4 Bc2+ 44. Kd5 Bf2 45. Bd6+ Kf7 46. Nc4 Bb3 47. Bc5 Be1 48. Be3 Bc3 49. Bc1 Be1 50. Be3 Bxc4+ 51. Kxc4 Ke6 52. Kd4 Ba5 53. Ke4 f5+ 54. gxf5+ gxf5+ 55. Kf3 Kd5 56. Ba7 Bc7 57. Bf2 Kc4 58. Bh4 Kd3 59. Bg5 Ba5 60. Bh4 Bb6 61. Be1 Bg1 62. Bg3 Kd2 63. Bh4 Bc5 64. Bg3 Kd1 65. Bh4 Bb4 66. Bg3 Kd2 67. Bf2 Kd3 68. Bh4 Bc5 69. Be1 Bd4 70. Bh4 Bc5 71. Be1 Bd4 72. Bh4 Bc5 1/2-1/2